000 00475nmm a2200169Ia 4500
008 251105s9999||||xx |||||||||||||||||und||
020 _a9788425232572
041 _aspa
100 _aRossi, Aldo
245 0 _aAutobiografía científica
264 _a[Madrid, España] :
_bEditorial Gustavo Gili,
_c2019
300 _a136 páginas
490 _aClásicos
650 _aArchitecture & Sculpture
856 _uhttps://public.digitaliapublishing.com/a/65878
942 _cCF
999 _c80393
_d80393